000 00948nam a2200193Ia 4500
008 090124s9999 xx 000 0 und d
082 _b24807
_a3138
100 _aसहस्त्रबुध्दे विजया नी. व गावडे प्र. ल.
245 _a प्रबुध्द भारतातील अग्रलेख
250 _a1
260 _c1980
300 _a99
600 _aसहस्त्रबुध्दे विजया नी. व गावडे प्र. ल.
630 _a प्रबुध्द भारतातील अग्रलेख
700 _aसहस्त्रबुध्दे विजया नी. व गावडे प्र. ल.
700 _aसहस्त्रबुध्दे विजया नी. व गावडे प्र. ल.
730 _a प्रबुध्द भारतातील अग्रलेख
942 _cBOOK
999 _c138351
_d138351